000 00411nam a2200169Ia 4500
008 221030s9999 xx 000 0 und d
020 _a0070087709
041 _aEnglish
100 _aE. Rich
245 0 _aArtificial Intelligence
_cby E. Rich, K. Knight
250 _a3rd
260 _bMcGraw - Hill Pub.
_aNew Delhi
_c2015
300 _a568
650 _aBB Computer
700 _aK. Knight
942 _cBK
999 _c16234
_d16234